2023 NASCAR WINNERS - Statistics

General Stats
  • This quiz has been taken 42 times
  • The average score is 27 of 37
Answer Stats
Race Name Race WInner % Correct
DAYTONA 500 Ricky Stenhouse Jr
96%
MARTINSVILLE Ryan Blaney
85%
CHICAGO - STREET COURSE Shane van Gisbergen
85%
ATLANTA Joey Logano
81%
AUTO CLUB Kyle Busch
81%
PHOENIX Ross Chastain
81%
CHARLOTTE Ryan Blaney
81%
TALLADEGA Ryan Blaney
81%
CHARLOTTE - ROVAL AJ Allmendinger
77%
BRISTOL - DIRT RACE Christopher Bell
77%
HOMESTEAD Christopher Bell
77%
KANSAS Denny Hamlin
77%
ALL STAR RACE Kyle Larson
77%
LAS VEGAS Kyle Larson
77%
DOVER Martin Truex Jr
77%
LAS VEGAS William Byron
77%
PHOENIX William Byron
77%
ATLANTA William Byron
77%
POCONO Denny Hamlin
73%
TALLADEGA Kyle Busch
73%
CIRCUIT OF THE AMERICAS Tyler Reddick
73%
WATKINS GLEN William Byron
73%
TEXAS William Byron
73%
BRISTOL Denny Hamlin
69%
WORLD WIDE TECHNOLOGY Kyle Busch
69%
MARTINSVILLE Kyle Larson
69%
DARLINGTON Kyle Larson
69%
SONOMA Martin Truex Jr
69%
INDIANAPOLIIS - ROAD COURSE Michael McDowell
69%
NASHVILLE Ross Chastain
69%
DARLINGTON William Byron
69%
MICHIGAN Chris Buescher
65%
DAYTONA Chris Buescher
65%
NEW HAMPSHIRE Martin Truex Jr
65%
RICHMOND Chris Buescher
62%
RICHMOND Kyle Larson
62%
KANSAS Tyler Reddick
62%
No matching quizzes found
Score Distribution
Percent of People with Each Score
Percentile by Number Answered
Your Score History
You have not taken this quiz